000 00301nam a22001337a 4500
008 170717b xxu||||| |||| 00| 0 eng d
020 _a0687090849
041 _aeng
080 _a2
100 _a24
101 _aTEO
245 _a7 WAYS OF TEACHING THE BIBLE TO ADULTS
_cBRUCE, B
942 _2udc
_cBK
999 _c21379
_d21379